| 000 | 01086nas a2200349 4500 | ||
|---|---|---|---|
| 001 | BR2013000608 | ||
| 003 | BR-BrBNA | ||
| 005 | 20231205121825.0 | ||
| 007 | ta | ||
| 008 | 230509b bl.|||p| |||| 00| 00por d | ||
| 040 |
_aBR-BrBNA _bpor _cBiblioteca Nacional de Agricultura |
||
| 041 | _a(Pt) | ||
| 072 | _aL73 | ||
| 100 | 1 | _aCorrêa, A.M.R. | |
| 100 | 1 | _aPescador, C.A. | |
| 100 | 1 | _aSchmitz, M. | |
| 100 | 1 | _aZlotowski, P. | |
| 100 | 1 | _aRozza, D.B. | |
| 100 | 1 | _aOliveira, E.C. de | |
| 100 | 1 | _aBarcellos, D.E. | |
| 100 | 1 | _aDriemeier, D. | |
| 245 | 1 | _aAspectos clínico-patológicos associados à circovirose suína no Rio Grande do Sul | |
| 246 | 1 | _aClinical and pathological aspects of swine circovirus in Rio Grande do Sul, southern Brazil | |
| 650 | _aSUÍNO | ||
| 650 | _aVÍRUS | ||
| 650 | _aDOENÇA ANIMAL | ||
| 650 | _aSINTOMA | ||
| 650 | _aDIAGNÓSTICO | ||
| 773 | 0 |
_tPesquisa Veterinária Brasileira (Brazil) _xISSN 0100-736X _g(Jan-Mar 2006), v. 26(1) p. 9-13 _wBR2013000608 |
|
| 909 |
_a202311 _bLúcia _c55 _dLúcia Elande |
||
| 942 |
_2AGRIS _n0 _cANA |
||
| 999 |
_c225427 _d225427 |
||